1759 1347 1396 1826 1563 1848 1947 1657 1688 1462 1104 1822 1804 1327 1561 1580 1994 1876 1565 1069 1353 1949 1631 1329 1816 1521 1979 1981 1165 1564 1704 1046 1071 1088 1624 1764 1075 1275 1317 1024 1396 1052 1888 1156 1340 1779 1864 1742 1749 1570 1988 1349 1045 1768 1229 1495 1337 2000 1579 1276 1876 1963 1882 1673 1535 1002 1577 1585 1976 1985 1144 1830 1026 1706 1984 1525 1038 1598 1193 1550 1514 1250 1904 1714 1187 1083 1178 1813 1741 1812 1501 1584 1825 1460 1451 1746 1562 1056 1830 BCNSPRNW ULIB Ver.6.0+V

เปลี่ยนเป็นภาษาไทย

Change to English
 แสดงรายละเอียดบรรณานุกรม
  กลับหน้าหลัก

Brief Record : Get Marc (ISO 2709) : E-mail record : QR code < ปิดหน้าต่าง
LEADER : 00000nam 2200000uu 4500
001    13399120076
003     ULIB
008    020711s|||| th a 000 0 tha d
020    9749408373
020    9789749408377
099    นว.^bป618อ
100    ปิ่นลดา
245    อรุณรุ่งที่มัสยิปานา/^cปิ่นลดา
260     ^bม.ป.ท.,^cม.ป.ป.
300    404 หน้า หน้า
945    ^p250^l0^i021020
999    ^aวรรณษา ชูชัยมงคล
รายการนี้ยังไม่มีแท็ก
คุณยังไม่ได้ล็อกอิน คุณสามารถมีกิจกรรมร่วมกับเว็บไซต์ได้ แต่ต้องล็อกอินก่อน ::
  ล็อกอิน

รายการสื่อสารสนเทศ

ลำดับที่ ประเภท เลขเรียก/บาร์โค้ด สถานที่ สถานะ
1. นวนิยาย
นวนิยาย
นว. ป618อ ฉ.1 
  Barcode: 021020
ห้องสมุดวิทยาเขตสวรรค์ประชารักษ์
►นวนิยาย
บนชั้น
  ขอยืม

BibComment


ยังไม่เคยถูกคอมเมนท์

คอมเมนท์ทรัพยากรรายการนี้
  คอมเมนท์: อรุณรุ่งที่มัสยิป..


 Copyright 2026. Bcnsprnw @Library